000 00217 a2200097 4500
001 43579
100 _aTurner
245 _aModern english composition
260 _aKarachi
_bOxpordwin press
_c
090 _c27395
_d27395
942 _aNUST-CAE
_cM
_c19330
999 _c278652
_d278652